000 00843nam a22002057a 4500
999 _c62836
_d62836
003 Ge_BSU
005 20250306115639.0
008 250306s1992 ge ||||| |||| 00| 0 geo d
041 _ageo
080 _a611(076.3) მ-59
100 _aმეტრეველი, ლ.
_924472
245 _a900 კითხვა ანატომიაში :
_bტესტირებული სწავლებისათვის /
_c ზ. კაციტაძის რედ.
264 _aთბ.,
_c1992.
300 _a118 გვ. ;
_b20 სმ.
504 _aბიბლიოგრ.: გვ. 116.
653 _aადამიანის ნორმალური ანატომია
653 _aმედიცინა
700 _aკაციტაძე, ზ.
_eრედაქტორი
_924473
942 _2udc
_cBK